000 00793nam a2200265 4500
003 OSt
005 20260530115255.0
008 260507b1983 |||ao||| |||| 001 0 eng d
020 _a0070374139
040 _aICI
_bspa
_cICI
050 _aNA2708
_bL48
100 1 _aD. Levinson, Edward
_930310
245 1 0 _aArchitectural Rendering Fundamentals
264 1 _bMcGraw-Hill
_c1983
_aEstados Unidos
300 _a250 páginas
336 _atexto
_2rdacontent
337 _asin medio
_2rdamedia
338 _avolumen
_2rdacarrier
500 _aLibro de Referencia
650 _aDibujo arquitectónico
650 _aRepresentación arquitectónica
_930312
650 _aPerspectiva arquitectónica
_930313
650 _aArquitectura$xTécnicas de presentación
_930314
942 _2lcc
_cBK
_n1
999 _c12549
_d12549